| Tag |
First Indicator |
Second Indicator |
Subfields |
| LEADER |
00000cam a2200000Mi 4500 |
| 001 |
in00004635258 |
| 006 |
m o d |
| 007 |
cr |n||||||||| |
| 008 |
091202e19870101gw o 000 0 ger d |
| 005 |
20230103223426.3 |
| 035 |
|
|
|a (OCoLC)on1048191161
|
| 040 |
|
|
|a VT2
|b eng
|e pn
|c VT2
|d WYU
|d OCLCQ
|d JSTOR
|d OCLCF
|d YOU
|d OCLCQ
|d OCLCO
|d AAA
|d OCLCO
|
| 020 |
|
|
|a 9783484310827
|q (electronic bk.)
|
| 020 |
|
|
|a 3484310820
|q (electronic bk.)
|
| 020 |
|
|
|a 9783110920659
|q (electronic bk.)
|
| 020 |
|
|
|a 3110920654
|q (electronic bk.)
|
| 024 |
3 |
|
|a 9783484310827
|
| 035 |
|
|
|a (OCoLC)1048191161
|
| 037 |
|
|
|b 00044714
|
| 037 |
|
|
|a 22573/ctvbjjqz9
|b JSTOR
|
| 050 |
|
4 |
|a PF3369.B48 1987
|
| 082 |
0 |
4 |
|a 435/.09
|2 19
|
| 049 |
|
|
|a TXAM
|
| 100 |
1 |
|
|a Betten, Anne,
|e author.
|
| 245 |
1 |
0 |
|a Grundzüge der Prosasyntax :
|b Stilprägende Entwicklungen Vom Althochdeutschen Zum Neuhochdeutschen.
|
| 260 |
|
|
|a 72074 Tubingen :
|b Verlag Max Niemeyer,
|c Jan. 1987.
|
| 300 |
|
|
|a 1 online resource (VII, 199 pages)
|
| 336 |
|
|
|a text
|b txt
|2 rdacontent
|
| 337 |
|
|
|a computer
|b c
|2 rdamedia
|
| 338 |
|
|
|a online resource
|b cr
|2 rdacarrier
|
| 490 |
1 |
|
|a Reihe Germanistische Linguistik Ser. ;
|v 82
|
| 500 |
|
|
|a Annotation Textbook.
|
| 521 |
|
|
|a Scholarly & Professional
|b Verlag Max Niemeyer.
|
| 521 |
2 |
|
|a 17-17
|b Verlag Max Niemeyer.
|
| 650 |
|
0 |
|a German language
|x Syntax
|x History.
|
| 650 |
|
0 |
|a German language
|x Style
|x History.
|
| 650 |
|
6 |
|a Allemand (Langue)
|x Syntaxe
|x Histoire.
|
| 650 |
|
7 |
|a German language
|x Style.
|2 fast
|0 (OCoLC)fst00941745
|
| 650 |
|
7 |
|a German language
|x Syntax.
|2 fast
|0 (OCoLC)fst00941753
|
| 655 |
|
7 |
|a Electronic books.
|2 local
|
| 655 |
|
0 |
|a Electronic book.
|
| 655 |
|
7 |
|a History.
|2 fast
|0 (OCoLC)fst01411628
|
| 710 |
2 |
|
|a JSTOR (Organization)
|
| 776 |
0 |
8 |
|i Print version:
|a Betten, Anne.
|t Grundzüge der Prosasyntax.
|d 72074 Tubingen : Verlag Max Niemeyer, Jan. 1987
|w (DLC) 88134238
|
| 830 |
|
0 |
|a Reihe Germanistische Linguistik Ser. ;
|v 82.
|
| 856 |
4 |
0 |
|u https://www.jstor.org/stable/10.2307/j.ctvbkjvx0
|z Connect to the full text of this electronic book
|t 0
|
| 955 |
|
|
|a JSTOR Open Access ebooks
|
| 994 |
|
|
|a 92
|b TXA
|
| 999 |
f |
f |
|s f7fe72cc-08a2-4033-9a1a-bed209506860
|i b184a219-02be-4112-a566-b7b6b32f4bac
|t 0
|
| 952 |
f |
f |
|a Texas A&M University
|b College Station
|c Electronic Resources
|d Available Online
|t 0
|e PF3369.B48 1987
|h Library of Congress classification
|
| 998 |
f |
f |
|a PF3369.B48 1987
|t 0
|l Available Online
|